Bibidha prabandha. (Record no. 70656)

MARC details
000 -LEADER
fixed length control field 00719cam a22002771 4500
001 - CONTROL NUMBER
control field sa 66006691
003 - CONTROL NUMBER IDENTIFIER
control field DLC
005 - DATE AND TIME OF LATEST TRANSACTION
control field 20260227112258.0
008 - FIXED-LENGTH DATA ELEMENTS--GENERAL INFORMATION
fixed length control field 891214s1965 ii b 000 0 beno
010 ## - LIBRARY OF CONGRESS CONTROL NUMBER
LC control number sa 66006691
035 ## - SYSTEM CONTROL NUMBER
System control number (OCoLC)20784240
040 ## - CATALOGING SOURCE
Original cataloging agency DLC
Transcribing agency WaU
Modifying agency DLC
042 ## - AUTHENTICATION CODE
Authentication code premarc
043 ## - GEOGRAPHIC AREA CODE
Geographic area code a-ii---
050 00 - LIBRARY OF CONGRESS CALL NUMBER
Classification number DS485.B4
Item number K3
100 0# - MAIN ENTRY--PERSONAL NAME
Personal name Kalyāṇị̄,
Titles and words associated with a name (Calcutta)
245 10 - TITLE STATEMENT
Title Bibidha prabandha.
260 ## - PUBLICATION, DISTRIBUTION, ETC.
Date of publication, distribution, etc. [1965]
300 ## - PHYSICAL DESCRIPTION
Extent 288 p.
Dimensions 21 cm.
546 ## - LANGUAGE NOTE
Language note In Bengali.
504 ## - BIBLIOGRAPHY, ETC. NOTE
Bibliography, etc. note Bibliographical footnotes.
651 #0 - SUBJECT ADDED ENTRY--GEOGRAPHIC NAME
Geographic name Bengal (India)
General subdivision History.
650 #0 - SUBJECT ADDED ENTRY--TOPICAL TERM
Topical term or geographic name entry element Bengali literature.
700 1# - ADDED ENTRY--PERSONAL NAME
Personal name Sen Gupta, Sankar.
700 1# - ADDED ENTRY--PERSONAL NAME
Personal name Kaẏāla, Akshaẏakumāra,
Dates associated with a name 1919-2004.

No items available.

Powered by Koha